Southville International School and Colleges
Your cart is empty.
  • Cart
  • Lists
    Public lists Eva Luna New books Lux_list list_1
    Your lists Log in to create your own lists
  • Log in to your account
  • Your cookies
  • Search history
Southville International School and Colleges
  • Advanced search
  • Recent comments
  • Most popular
  • Libraries

Log in to your account

Log in with GOOGLE


If you do not have an external account, but do have a local account, you can still log in:

  1. Home
  2. MARC view: The virtuous cycle of news sharing on facebook: Effects of platform affordances and journalistic routines on news sharing /
Normal view MARC view ISBD view

The virtuous cycle of news sharing on facebook: Effects of platform affordances and journalistic routines on news sharing / (Record no. 361438)

[ view plain ]
MARC details
000 -LEADER
fixed length control field 00637nam a2200181Ia 4500
008 - FIXED-LENGTH DATA ELEMENTS--GENERAL INFORMATION
fixed length control field 190422s9999 xx 000 0 und d
100 ## - MAIN ENTRY--PERSONAL NAME
Personal name Alves dos Santos Jr., Marcelo
245 #4 - TITLE STATEMENT
Title The virtuous cycle of news sharing on facebook: Effects of platform affordances and journalistic routines on news sharing /
245 ## - TITLE STATEMENT
Statement of responsibility, etc Marcelo Alves dos Santos Jr,Diogenes Lycariao and Jakson A de Aquino.--
260 ## - PUBLICATION, DISTRIBUTION, ETC. (IMPRINT)
Name of publisher, distributor, etc Sage
260 ## - PUBLICATION, DISTRIBUTION, ETC. (IMPRINT)
Date of publication, distribution, etc 2019
300 ## - PHYSICAL DESCRIPTION
Extent pages 398-418, February 2019
440 ## - SERIES STATEMENT/ADDED ENTRY--TITLE
Title New Media & Society
Volume number/sequential designation 21(2)
650 ## - SUBJECT ADDED ENTRY--TOPICAL TERM
Topical term or geographic name as entry element Affordance
650 ## - SUBJECT ADDED ENTRY--TOPICAL TERM
Topical term or geographic name as entry element News Sharing
650 ## - SUBJECT ADDED ENTRY--TOPICAL TERM
Topical term or geographic name as entry element Newsmaking
650 ## - SUBJECT ADDED ENTRY--TOPICAL TERM
Topical term or geographic name as entry element Professional Routines

No items available.

The virtuous cycle of news sharing on facebook: Effects of platform affordances and journalistic routines on news sharing /

APA

Alves dos Santos Jr, .The virtuous cycle of news sharing on facebook: Effects of platform affordances and journalistic routines on news sharing. : Sage.

Chicago

Alves dos Santos Jr, .The virtuous cycle of news sharing on facebook: Effects of platform affordances and journalistic routines on news sharing. : Sage.

Harvard

Alves dos Santos Jr, .The virtuous cycle of news sharing on facebook: Effects of platform affordances and journalistic routines on news sharing. : Sage.

MLA

Alves dos Santos Jr, .: Sage. .

  • Print
  • Cite
  • Add to your cart (remove)
  • Save record
    BIBTEX Dublin Core MARCXML MARC (non-Unicode/MARC-8) MARC (Unicode/UTF-8) MARC (Unicode/UTF-8, Standard) MODS (XML) RIS
  • More searches
    Search for this title in:
    Other Libraries (WorldCat) Other Databases (Google Scholar) Online Stores (Bookfinder.com) Open Library (openlibrary.org)

Exporting to Dublin Core...

SOUTHVILLE LIBRARY

Southville International School and Colleges Library

1281 Tropical Ave. Cor. Luxembourg St., BF Homes International, Las Pinas City

Tel. No. 8256374 / 252358 Loc. 117/146

Powered by Koha